[Event "EU-ch Schools U15 Girls"]
[Site "Tornelo INT"]
[Date "2021.12.04"]
[Round "5"]
[White "Hoanca, Alexia Ioana"]
[Black "Keskin, Elif"]
[Result "0-1"]
[WhiteElo "1710"]
[BlackElo "1686"]
[PlyCount "106"]
[EventDate "2021.12.03"]
[EventType "swiss (rapid)"]
[EventRounds "7"]
[EventCountry "NET"]
[SourceTitle "EXT 2023"]
[Source "ChessBase"]
[SourceDate "2022.10.05"]
[SourceVersion "1"]
[SourceVersionDate "2022.10.05"]
[SourceQuality "1"]

1. e4 e5 2. Nc3 Nf6 3. g3 Bc5 4. Bg2 Nc6 5. Nge2 a6 6. 0-0 0-0 7. Nd5 Nxd5 8. exd5 Ne7 9. c3 Ba7 10. d4 exd4 11. Nxd4 d6 12. h3 Re8 13. Kh2 Nf5 14. Nxf5 Bxf5 15. g4 Bg6 16. f4 f5 17. g5 Qe7 18. Bf3 Qf7 19. h4 Qf8 20. h5 Bf7 21. Qd3 g6 22. h6 Re7 23. Bd2 Rae8 24. Rae1 Rxe1 25. Rxe1 Rxe1 26. Bxe1 Qe8 27. Bd2 Qa4 28. c4 Qxa2 29. Qc3 Kf8 30. Qg7+ Ke8 31. Qh8+ Kd7 32. Bc3 Qxc4 33. Qxh7 Qxf4+ 34. Kg2 Qxg5+ 35. Kf1 Qg1+ 36. Ke2 Qe3+ 37. Kd1 Qxf3+ 38. Kc2 Qxd5 39. Qg7 Qe4+ 40. Kd2 Qe3+ 41. Kd1 Qd3+ 42. Ke1 Qe4+ 43. Kd2 Be3+ 44. Kd1 Qd5+ 45. Ke2 Bxh6 46. Qxh6 Qe4+ 47. Kd2 f4 48. Qh3+ Be6 49. Qh7+ Kc6 50. Qg7 Qe3+ 51. Kc2 Qe2+ 52. Kc1 Bb3 53. Qd4 Qc2# 0-1

[Event "EU-ch Schools U15 Girls"]
[Site "Tornelo INT"]
[Date "2021.12.03"]
[Round "2"]
[White "Keskin, Elif"]
[Black "Shubenkova, Veronika"]
[Result "0-1"]
[WhiteElo "1686"]
[BlackElo "1762"]
[PlyCount "90"]
[EventDate "2021.12.03"]
[EventType "swiss (rapid)"]
[EventRounds "7"]
[EventCountry "NET"]
[SourceTitle "EXT 2023"]
[Source "ChessBase"]
[SourceDate "2022.10.05"]
[SourceVersion "1"]
[SourceVersionDate "2022.10.05"]
[SourceQuality "1"]

1. d4 d5 2. c4 e6 3. Nf3 f5 4. g3 Nf6 5. Bg2 c6 6. 0-0 Bd6 7. b3 Qe7 8. a4 Ne4 9. Ba3 Nd7 10. Bxd6 Qxd6 11. Qc2 0-0 12. Nc3 b6 13. Rad1 Ba6 14. Nxe4 fxe4 15. Nd2 Qb4 16. Nxe4 dxe4 17. Bxe4 Nf6 18. Bxc6 Rac8 19. Bf3 Rc7 20. e4 Bb7 21. Rfe1 h6 22. Qb1 Nh7 23. Bg4 Qe7 24. d5 exd5 25. exd5 Qf6 26. f4 Qd6 27. Re6 Qc5+ 28. Kg2 Nf6 29. Bf5 Nxd5 30. cxd5 Bxd5+ 31. Kh3 Bxe6 32. Bxe6+ Kh8 33. Qg6 Re7 34. Rd5 Qc6 35. f5 a6 36. Kh4 Qc3 37. Rd6 b5 38. Rxa6 bxa4 39. Rxa4 Qc2 40. Qg4 Qxh2+ 41. Qh3 Qd2 42. Qg4 Rxe6 43. fxe6 Qh2+ 44. Qh3 g5+ 45. Kg4 Qe2# 0-1

[Event "TUR-chT 1st League"]
[Site "Konya"]
[Date "2019.07.23"]
[Round "3.1"]
[White "Keskin, Elif"]
[Black "Arda, Doga Su"]
[Result "1/2-1/2"]
[WhiteElo "1833"]
[BlackElo "1737"]
[PlyCount "70"]
[EventDate "2019.07.22"]
[EventType "team-swiss"]
[EventRounds "9"]
[EventCountry "TUR"]
[SourceTitle "CBM 191 Extra"]
[Source "ChessBase"]
[SourceDate "2019.09.30"]
[SourceVersion "1"]
[SourceVersionDate "2019.09.30"]
[SourceQuality "1"]
[WhiteTeam "Burhaniye"]
[BlackTeam "Bayegan Pendik"]
[WhiteTeamCountry "TUR"]
[BlackTeamCountry "TUR"]

1. d4 Nf6 2. c4 e6 3. g3 Bb4+ 4. Bd2 Bxd2+ 5. Nxd2 d5 6. Bg2 0-0 7. Ngf3 Nbd7 8. 0-0 b6 9. Qc2 c5 10. cxd5 exd5 11. dxc5 Nxc5 12. b4 Nce4 13. Nxe4 dxe4 14. Nd2 Bb7 15. Nxe4 Nxe4 16. Bxe4 Rc8 17. Qd3 Bxe4 18. Qxe4 Re8 19. Qg4 Qd5 20. Rfd1 Qe4 21. Qxe4 Rxe4 22. Rac1 Rxc1 23. Rxc1 g6 24. Rc7 Rxb4 25. Rxa7 b5 26. e3 Rb2 27. Rb7 Rxa2 28. Rxb5 Ra6 29. Kg2 Kg7 30. h4 h5 31. Rc5 Rb6 32. Rd5 Ra6 33. Rc5 Rb6 34. Rd5 Ra6 35. Rc5 Rb6 1/2-1/2

[Event "EU-ch U12 Girls 28th"]
[Site "Riga"]
[Date "2018.08.22"]
[Round "3"]
[White "Sichinava, Mariam"]
[Black "Keskin, Elif"]
[Result "1/2-1/2"]
[WhiteElo "1303"]
[BlackElo "1775"]
[PlyCount "48"]
[EventDate "2018.08.20"]
[EventType "swiss"]
[EventRounds "9"]
[EventCountry "LAT"]
[SourceTitle "CBM 186 Extra"]
[Source "ChessBase"]
[SourceDate "2018.08.24"]
[SourceVersion "1"]
[SourceVersionDate "2018.08.24"]
[SourceQuality "1"]

1. Nf3 Nf6 2. g3 g6 3. Bg2 Bg7 4. 0-0 0-0 5. c4 d5 6. d4 dxc4 7. Qc2 Nc6 8. Qxc4 Be6 9. Qd3 Qd7 10. Nc3 Bh3 11. Rd1 Bxg2 12. Kxg2 Rad8 13. e4 e6 14. Bf4 Rfe8 15. Rac1 e5 16. Be3 exd4 17. Nxd4 Nxd4 18. Qxd4 Qxd4 19. Bxd4 Nxe4 20. Bxg7 Rxd1 21. Nxd1 Kxg7 22. Rxc7 Nd6 23. Ne3 Kf6 24. Kf3 h5 1/2-1/2

[Event "EU-ch U12 Girls 28th"]
[Site "Riga"]
[Date "2018.08.21"]
[Round "2"]
[White "Keskin, Elif"]
[Black "Zabrzanska, Weronika"]
[Result "0-1"]
[WhiteElo "1775"]
[BlackElo "1545"]
[PlyCount "92"]
[EventDate "2018.08.20"]
[EventType "swiss"]
[EventRounds "9"]
[EventCountry "LAT"]
[SourceTitle "CBM 186 Extra"]
[Source "ChessBase"]
[SourceDate "2018.08.24"]
[SourceVersion "1"]
[SourceVersionDate "2018.08.24"]
[SourceQuality "1"]

1. d4 d5 2. c4 e6 3. cxd5 exd5 4. Nc3 Nf6 5. Bg5 Be7 6. e3 h6 7. Bf4 0-0 8. Bd3 b6 9. Qc2 Bd6 10. Bxd6 Qxd6 11. Nf3 a6 12. 0-0 Bb7 13. Rac1 Nbd7 14. Ne2 Rac8 15. Nh4 Ne4 16. f3 Ng5 17. Nf5 Qf6 18. Nf4 Ne6 19. Nh5 Qg5 20. h4 Qd8 21. Qf2 Nf6 22. Nxf6+ Qxf6 23. Qg3 Rfe8 24. Rc2 a5 25. Rfc1 Ra8 26. Qf2 Ba6 27. Qf1 Bxd3 28. Qxd3 c5 29. g4 cxd4 30. exd4 Nf4 31. Qf1 g6 32. Rc6 Qh8 33. Nd6 Qxd4+ 34. Kh1 Ne2 35. Qg2 Nxc1 36. Nxe8 Qd1+ 37. Qg1 Qxf3+ 38. Qg2 Qd1+ 39. Qg1 Qxg1+ 40. Kxg1 Ne2+ 41. Kf2 Rxe8 42. Rxb6 Nf4 43. Rb5 d4 44. Kf3 d3 45. Rb6 Rd8 46. Kxf4 d2 0-1

[Event "Novi Sad-Turkey GpB"]
[Site "Novi Sad"]
[Date "2018.08.11"]
[Round "6"]
[White "Keskin, Elif"]
[Black "Deze, Vladimir"]
[Result "1/2-1/2"]
[WhiteElo "1775"]
[BlackElo "1973"]
[PlyCount "25"]
[EventDate "2018.08.07"]
[EventType "schev"]
[EventRounds "10"]
[EventCountry "SRB"]
[SourceTitle "CBM 186 Extra"]
[Source "ChessBase"]
[SourceDate "2018.08.24"]
[SourceVersion "1"]
[SourceVersionDate "2018.08.24"]
[SourceQuality "1"]

1. d4 e6 2. c4 Bb4+ 3. Bd2 a5 4. e3 Nf6 5. a3 Bxd2+ 6. Qxd2 0-0 7. Nc3 d6 8. Nf3 Nbd7 9. Bd3 e5 10. 0-0 Re8 11. Bc2 Qe7 12. Rad1 Nf8 13. h3 1/2-1/2

[Event "TUR-chT2"]
[Site "Konya"]
[Date "2017.07.15"]
[Round "9.4"]
[White "Keskin, Elif"]
[Black "Gozacik, Sema Nur"]
[Result "1-0"]
[WhiteElo "1614"]
[BlackElo "1156"]
[PlyCount "79"]
[EventDate "2017.07.09"]
[EventType "team-swiss"]
[EventRounds "9"]
[EventCountry "TUR"]
[SourceTitle "CBM 179 Extra"]
[Source "ChessBase"]
[SourceDate "2017.08.23"]
[SourceVersion "1"]
[SourceVersionDate "2017.08.23"]
[SourceQuality "1"]
[WhiteTeam "Karaman Yunus Emre"]
[BlackTeam "Hamle Adana"]
[WhiteTeamCountry "TUR"]
[BlackTeamCountry "TUR"]

1. d4 Nf6 2. Bg5 Ne4 3. Bf4 c5 4. f3 Qa5+ 5. c3 Nf6 6. d5 c4 7. e4 b5 8. a4 e6 9. dxe6 dxe6 10. Nd2 bxa4 11. Nxc4 Qc5 12. Rxa4 Be7 13. Nd6+ Bxd6 14. Bxd6 Qe3+ 15. Be2 Bd7 16. Ra3 Qb6 17. Rb3 Qd8 18. Ra3 Qb6 19. Qd2 Bc6 20. Bc4 a5 21. Rb3 Qa7 22. Qg5 Rg8 23. Qf4 Nbd7 24. Ne2 Rc8 25. Nd4 g5 26. Qd2 e5 27. Nxc6 Rxc6 28. Bb5 Rc8 29. Bxe5 Kf8 30. Qd6+ Kg7 31. Bxd7 Rc6 32. Bxc6 Qe3+ 33. Kd1 Kh6 34. Bxf6 Rg6 35. Re1 Qf2 36. Re2 Qf1+ 37. Kd2 g4 38. Qf4+ Kh5 39. Rb5+ Rg5 40. Qxg5# 1-0

[Event "TUR-chT2"]
[Site "Konya"]
[Date "2017.07.10"]
[Round "3.3"]
[White "Keskin, Elif"]
[Black "Ulakci, Zeynep Asel"]
[Result "0-1"]
[WhiteElo "1614"]
[BlackElo "1122"]
[PlyCount "126"]
[EventDate "2017.07.09"]
[EventType "team-swiss"]
[EventRounds "9"]
[EventCountry "TUR"]
[SourceTitle "CBM 179 Extra"]
[Source "ChessBase"]
[SourceDate "2017.08.23"]
[SourceVersion "1"]
[SourceVersionDate "2017.08.23"]
[SourceQuality "1"]
[WhiteTeam "Karaman Yunus Emre"]
[BlackTeam "Masal Diyari"]
[WhiteTeamCountry "TUR"]
[BlackTeamCountry "TUR"]

1. d4 c5 2. d5 Nf6 3. c4 b5 4. cxb5 a6 5. b6 Qxb6 6. Nc3 d6 7. Nf3 g6 8. Nd2 Bg7 9. e4 0-0 10. Be2 Nbd7 11. Nc4 Qc7 12. 0-0 Bb7 13. f4 Nb6 14. Be3 Rfb8 15. Qd2 Ra7 16. h3 Nxc4 17. Bxc4 Nd7 18. g4 Bc8 19. Rab1 Qa5 20. Rfc1 Rab7 21. a3 Nb6 22. Ba2 Bxc3 23. Qxc3 Qxc3 24. bxc3 Na4 25. Rxb7 Rxb7 26. Rc2 f5 27. gxf5 gxf5 28. e5 Rb2 29. Rxb2 Nxb2 30. Bb3 c4 31. Bc2 Kg7 32. Bd4 Kg6 33. Be3 Nd3 34. Bxd3 cxd3 35. Kf1 Bb7 36. c4 a5 37. Ke1 Ba6 38. c5 dxc5 39. Bxc5 Kf7 40. Kd2 Bc4 41. d6 exd6 42. Bxd6 Ke6 43. Kc3 Kd5 44. Kd2 Ke4 45. Bc7 a4 46. e6 Bxe6 47. Bd6 Bc4 48. h4 h5 49. Be5 Kf3 50. Bd6 Kg4 51. Be7 Kxf4 52. Bg5+ Ke4 53. Ke1 f4 54. Kd2 Kf5 55. Ke1 Bb3 56. Kd2 Ke4 57. Bh6 Bc2 58. Bg5 Kf3 59. Bh6 Kg3 60. Bg5 f3 61. Ke1 d2+ 62. Bxd2 f2+ 63. Ke2 Kg2 0-1